|
|
|
|
| LEADER |
00567cam a2200169 7i4500 |
| 001 |
0000010479 |
| 005 |
20020307090000.0 |
| 022 |
0 |
0 |
|a 13944150
|
| 090 |
0 |
0 |
|a M 303.483
|b MAL
|
| 110 |
2 |
0 |
|a Malaysian Science and Technology Information Center (MASTIC)
|
| 245 |
0 |
0 |
|a 1998 Malaysian Science and Technology indicators report.
|
| 260 |
0 |
0 |
|a Kuala Lumpur:
|b MASTIC,
|c 2000.
|
| 300 |
# |
# |
|a 225 p.
|
| 650 |
0 |
0 |
|a Science --
|x Indicators --
|z Malaysia
|
| 650 |
0 |
0 |
|a Technology --
|x Indicators --
|z Malaysia
|
| 651 |
0 |
0 |
|a Malaysia
|
| 999 |
|
|
|a 0000012915
|b Book
|c Malaysia
|e Business Information Centre
|